| 000 | 00549nam a2200241 a 4500 | ||
|---|---|---|---|
| 001 | nice12345678 | ||
| 003 | IN_TiNIC | ||
| 005 | 20260116011948.0 | ||
| 008 | 050524s1991 boma grp 000 0 per | ||
| 020 |
_a _c100 |
||
| 082 | 0 | 0 |
_a955.02 _bQAB |
| 100 | _aQabus, Sultan | ||
| 245 | _aQabus Namah | ||
| 260 |
_aBombay _bNo Publishers _c1991 |
||
| 300 | _a196p | ||
| 500 | _aincludes index and biblioraphy | ||
| 505 | 2 | _aarchives | |
| 650 | _aIran-History | ||
| 700 | 1 | _aQabus, Sultan | |
| 902 | _bSRS | ||
| 942 | _cBK | ||
| 999 |
_c5076 _d5076 |
||